[Event "Montreal int"]
[Site "Montreal CAN"]
[Date "2002.08.05"]
[Round "11"]
[White "Hebert, Jean"]
[Black "Barbeau, Sylvain"]
[Result "0-1"]
[WhiteElo "2416"]
[BlackElo "2397"]
[PlyCount "96"]
[GameId "2160767911441201"]
[EventDate "2002.07.25"]
[EventType "tourn"]
[EventRounds "11"]
[EventCountry "CAN"]
[EventCategory "11"]
[SourceTitle "The Week in Chess 405"]
[Source "Mark Crowther"]
[SourceDate "2002.08.12"]
[SourceVersion "1"]
[SourceVersionDate "2002.08.12"]
[SourceQuality "2"]

1. Nf3 Nf6 2. c4 c5 3. Nc3 d5 4. cxd5 Nxd5 5. e4 Nxc3 6. dxc3 Qxd1+ 7. Kxd1 Nc6 8. Bf4 Bd7 9. Kc2 Rc8 10. a4 f6 11. Nd2 g5 12. Bg3 f5 13. f3 Bg7 14. h4 g4 15. fxg4 fxg4 16. Nc4 O-O 17. h5 Bh6 18. Rd1 Be6 19. Be2 Bf4 20. Bh4 Rf7 21. Rd5 b6 22. Rdd1 Kg7 23. b3 Rcf8 24. Be1 Kh6 25. Nd2 Ne5 26. Nc4 Nd7 27. Rh4 Bg5 28. Rh1 Rf2 29. Bxf2 Rxf2 30. Rde1 Bxc4 31. bxc4 Ne5 32. Kd1 Rxg2 33. Reg1 Rxg1+ 34. Rxg1 Kxh5 35. Ke1 Bf4 36. Kf2 Kg5 37. Rd1 Nc6 38. Rd5+ Be5 39. a5 h5 40. a6 Kf4 41. Rd7 h4 42. Bf1 h3 43. Rd3 Bd6 44. Kg1 Kg5 45. Be2 Ne5 46. Rd1 Kf4 47. Rf1+ Ke3 48. Bd1 Kd2 0-1

[Event "CAN-op"]
[Site "Montreal CAN"]
[Date "2002.07.13"]
[Round "1"]
[White "Roy, Alain"]
[Black "Hebert, Jean"]
[Result "0-1"]
[WhiteElo "2051"]
[BlackElo "2416"]
[PlyCount "55"]
[GameId "2160767911441231"]
[EventDate "2002.07.13"]
[EventType "swiss"]
[EventRounds "10"]
[EventCountry "CAN"]
[SourceTitle "CBM 089 Extra"]
[Source "ChessBase"]
[SourceDate "2002.09.10"]
[SourceVersion "2"]
[SourceVersionDate "2002.09.10"]
[SourceQuality "1"]

1. d4 Nf6 2. Nf3 e6 3. Bg5 h6 4. Bxf6 Qxf6 5. e4 d6 6. Nc3 Nd7 7. Bc4 g6 8. O-O Bg7 9. e5 dxe5 10. Re1 exd4 11. Bxe6 O-O 12. Nd5 Qd8 13. Nxd4 Ne5 14. Bxc8 Rxc8 15. Nf3 Qd6 16. Nxe5 Bxe5 17. f4 Bf6 18. Qf3 c6 19. Nxf6+ Qxf6 20. c3 Rcd8 21. Rad1 Qf5 22. h3 Rxd1 23. Rxd1 Re8 24. Qf2 b6 25. Rf1 h5 26. Qf3 Re4 27. Rf2 Re1+ 28. Kh2 0-1

[Event "CAN-op"]
[Site "Montreal CAN"]
[Date "2002.07.14"]
[Round "2"]
[White "Hebert, Jean"]
[Black "Bergeron, Pascal"]
[Result "1-0"]
[WhiteElo "2416"]
[BlackElo "2105"]
[PlyCount "75"]
[GameId "2160767911441239"]
[EventDate "2002.07.13"]
[EventType "swiss"]
[EventRounds "10"]
[EventCountry "CAN"]
[SourceTitle "CBM 089 Extra"]
[Source "ChessBase"]
[SourceDate "2002.09.10"]
[SourceVersion "2"]
[SourceVersionDate "2002.09.10"]
[SourceQuality "1"]

1. d4 e6 2. c4 f5 3. g3 Nf6 4. Bg2 c6 5. Nf3 d5 6. O-O Bd6 7. b3 Qe7 8. Qc2 O-O 9. Bb2 b6 10. Nbd2 Bb7 11. Ne5 Nbd7 12. Rad1 Rac8 13. Ndf3 c5 14. Nxd7 Nxd7 15. dxc5 Nxc5 16. cxd5 Bxd5 17. Qb1 Rc7 18. Qa1 Rfc8 19. Nd4 Bxg2 20. Kxg2 a6 21. Rc1 Ne4 22. Rxc7 Rxc7 23. Rc1 Bc5 24. b4 Bd6 25. Rxc7 Bxc7 26. Qc1 Kf7 27. Qc4 b5 28. Qc6 Qd6 29. Qb7 Qb6 30. Qc8 Be5 31. Qd7+ Kg6 32. Qe8+ Kf6 33. e3 Ng5 34. h4 Nf7 35. f4 Qb7+ 36. Kf2 Bxd4 37. Bxd4+ e5 38. fxe5+ 1-0

[Event "CAN-op"]
[Site "Montreal CAN"]
[Date "2002.07.14"]
[Round "3"]
[White "Degraeve, Jean Marc"]
[Black "Hebert, Jean"]
[Result "1-0"]
[WhiteElo "2586"]
[BlackElo "2416"]
[PlyCount "67"]
[GameId "2160767911441251"]
[EventDate "2002.07.13"]
[EventType "swiss"]
[EventRounds "10"]
[EventCountry "CAN"]
[SourceTitle "CBM 089 Extra"]
[Source "ChessBase"]
[SourceDate "2002.09.10"]
[SourceVersion "2"]
[SourceVersionDate "2002.09.10"]
[SourceQuality "1"]

1. e4 e6 2. d4 d5 3. Nd2 Nf6 4. e5 Nfd7 5. Ngf3 c5 6. c3 Nc6 7. Bd3 cxd4 8. cxd4 Nb6 9. a3 a5 10. b3 Be7 11. O-O f5 12. exf6 Bxf6 13. Bb2 O-O 14. Ne5 g6 15. f4 Bd7 16. Ndf3 Bxe5 17. fxe5 a4 18. b4 Na7 19. Bc1 Nc4 20. Ra2 Qb6 21. Raf2 Nc6 22. Bxc4 dxc4 23. Bh6 Rf5 24. g4 Rf7 25. Ne1 Rxf2 26. Rxf2 Qd8 27. d5 Nxe5 28. dxe6 Bxe6 29. Rf8+ Qxf8 30. Bxf8 Bxg4 31. Qd5+ Nf7 32. Bc5 Re8 33. Nc2 Re2 34. Ne3 1-0

[Event "CAN-op"]
[Site "Montreal CAN"]
[Date "2002.07.18"]
[Round "7"]
[White "Moskvitch, Andrei"]
[Black "Hebert, Jean"]
[Result "0-1"]
[WhiteElo "2207"]
[BlackElo "2416"]
[PlyCount "60"]
[GameId "2160767911449516"]
[EventDate "2002.07.13"]
[EventType "swiss"]
[EventRounds "10"]
[EventCountry "CAN"]
[SourceTitle "CBM 089 Extra"]
[Source "ChessBase"]
[SourceDate "2002.09.10"]
[SourceVersion "2"]
[SourceVersionDate "2002.09.10"]
[SourceQuality "1"]

1. e4 g6 2. d4 d6 3. Nc3 Bg7 4. Bg5 c6 5. Qd2 b5 6. a3 Nd7 7. f4 Nb6 8. Nf3 Bg4 9. e5 f6 10. exf6 exf6 11. Bh4 Bxf3 12. gxf3 Ne7 13. Bd3 Qd7 14. d5 Nbxd5 15. Nxd5 Nxd5 16. Bxb5 Ne7 17. Bd3 O-O 18. O-O d5 19. c4 Rad8 20. Rfe1 Nf5 21. Bf2 Bh6 22. Rad1 Qc7 23. Bxf5 gxf5 24. cxd5 Bxf4 25. Be3 Bxe3+ 26. Qxe3 cxd5 27. Qe6+ Kh8 28. Qxf5 d4 29. Re6 d3 30. Rxf6 Qg7+ 0-1

[Event "CAN-op"]
[Site "Montreal CAN"]
[Date "2002.07.19"]
[Round "8"]
[White "Hebert, Jean"]
[Black "Laptos, Krzysztof"]
[Result "1-0"]
[WhiteElo "2416"]
[BlackElo "2220"]
[PlyCount "87"]
[GameId "2160767911449532"]
[EventDate "2002.07.13"]
[EventType "swiss"]
[EventRounds "10"]
[EventCountry "CAN"]
[SourceTitle "CBM 089 Extra"]
[Source "ChessBase"]
[SourceDate "2002.09.10"]
[SourceVersion "2"]
[SourceVersionDate "2002.09.10"]
[SourceQuality "1"]

1. c4 d6 2. d4 Nf6 3. Nc3 Bf5 4. Nf3 c6 5. Nh4 Bd7 6. e4 e5 7. Nf3 Qe7 8. Be2 g6 9. O-O Bg7 10. d5 O-O 11. Ne1 cxd5 12. cxd5 Na6 13. Be3 Rfc8 14. f3 Nh5 15. Nd3 b5 16. a3 Qe8 17. Qd2 Nc5 18. Nxc5 dxc5 19. a4 bxa4 20. Ba6 Rc7 21. d6 Rc6 22. Bb7 Rd8 23. Bxc6 Bxc6 24. g3 Bf8 25. Bxc5 Qe6 26. Rad1 Qc4 27. Ba3 Ng7 28. Qd3 Qb3 29. Qa6 Bd7 30. Qa5 Rc8 31. Qxe5 Ne6 32. Qa5 Bg7 33. Nd5 Rc2 34. Qb4 Qxb4 35. Nxb4 Re2 36. Rf2 Bd4 37. Rxd4 Nxd4 38. Rxe2 Nxe2+ 39. Kf2 Nd4 40. Nd5 Kg7 41. Bb4 Nb5 42. e5 Nd4 43. Bc3 Ne6 44. Nf6 1-0

[Event "CAN-op"]
[Site "Montreal CAN"]
[Date "2002.07.20"]
[Round "9"]
[White "Burnett, Ronald"]
[Black "Hebert, Jean"]
[Result "0-1"]
[WhiteElo "2404"]
[BlackElo "2416"]
[PlyCount "78"]
[GameId "2160767911449542"]
[EventDate "2002.07.13"]
[EventType "swiss"]
[EventRounds "10"]
[EventCountry "CAN"]
[SourceTitle "CBM 089 Extra"]
[Source "ChessBase"]
[SourceDate "2002.09.10"]
[SourceVersion "2"]
[SourceVersionDate "2002.09.10"]
[SourceQuality "1"]

1. c4 e5 2. g3 Nf6 3. Bg2 d5 4. cxd5 Nxd5 5. Nc3 Nb6 6. Nf3 Nc6 7. O-O Be7 8. a4 a5 9. Nb5 Bf6 10. e4 Bg4 11. d4 Nxd4 12. Nbxd4 exd4 13. e5 Be7 14. Qxd4 Qxd4 15. Nxd4 O-O-O 16. h3 Rxd4 17. hxg4 Rxa4 18. Bd2 Rxa1 19. Rxa1 Bb4 20. Bxb4 axb4 21. Bd5 Re8 22. Bxf7 Rxe5 23. Kg2 h6 24. Rd1 Re7 25. Bg8 c5 26. b3 Kc7 27. f4 Nd7 28. Kf3 b5 29. f5 Ne5+ 30. Kf4 Nf7 31. Bxf7 Rxf7 32. g5 hxg5+ 33. Kxg5 Kc6 34. Rc1 Kd5 35. Kf4 c4 36. g4 Kd4 37. Rb1 Kc3 38. bxc4 bxc4 39. Rc1+ Kd3 0-1

[Event "CAN-op"]
[Site "Montreal CAN"]
[Date "2002.07.21"]
[Round "10"]
[White "Hebert, Jean"]
[Black "Barsov, Alexei"]
[Result "1/2-1/2"]
[WhiteElo "2416"]
[BlackElo "2550"]
[PlyCount "113"]
[GameId "2160767911449563"]
[EventDate "2002.07.13"]
[EventType "swiss"]
[EventRounds "10"]
[EventCountry "CAN"]
[SourceTitle "CBM 089 Extra"]
[Source "ChessBase"]
[SourceDate "2002.09.10"]
[SourceVersion "2"]
[SourceVersionDate "2002.09.10"]
[SourceQuality "1"]

1. d4 Nf6 2. c4 e6 3. Nf3 b6 4. a3 Ba6 5. e3 d5 6. Nbd2 Be7 7. b4 O-O 8. Bb2 c6 9. Rc1 Bb7 10. Bd3 Nbd7 11. O-O Re8 12. Qb3 a5 13. Ne5 Nxe5 14. dxe5 Nd7 15. cxd5 exd5 16. e4 axb4 17. axb4 d4 18. Bxd4 Bxb4 19. Qxb4 c5 20. Qb2 cxd4 21. f4 Re7 22. Nb3 Ra4 23. Rfd1 Qa8 24. Nxd4 g6 25. Ra1 Nc5 26. Bb5 Rxa1 27. Rxa1 Qd8 28. Rd1 Bxe4 29. Qe2 Qa8 30. h3 Ra7 31. Bc4 Ra1 32. e6 fxe6 33. Nxe6 Nxe6 34. Bxe6+ Kf8 35. Kh2 Rxd1 36. Qxd1 Qb8 37. Qc1 Qd6 38. Bb3 g5 39. g3 gxf4 40. gxf4 b5 41. Qe3 Bb7 42. Kg3 b4 43. Kf2 h6 44. Ke1 Bd5 45. Bxd5 Qxd5 46. f5 Qd6 47. Kf2 Kf7 48. Kg1 Kg7 49. Kf2 Kf7 50. Kg1 Kf8 51. Kf2 h5 52. Qe4 Qh2+ 53. Ke1 Qd6 54. Kf2 Qb6+ 55. Kg2 b3 56. f6 Qxf6 57. Qb4+ 1/2-1/2

[Event "CAN/QC op"]
[Site "Montreal CAN"]
[Date "2002.07.15"]
[Round "4"]
[White "Hebert, Jean"]
[Black "Clement, Michel"]
[Result "1-0"]
[WhiteElo "2490"]
[BlackElo "2091"]
[PlyCount "55"]
[GameId "2160767911449626"]
[EventDate "2002.07.13"]
[EventType "swiss"]
[EventRounds "9"]
[EventCountry "CAN"]

1. c4 f5 2. Nc3 Nf6 3. Nf3 d6 4. d4 e6 5. g3 Be7 6. Bg2 O-O 7. O-O Qe8 8. Qc2 Nc6 9. d5 Ne5 10. Nd4 Bd8 11. dxe6 c6 12. Nxf5 Qxe6 13. e4 Bc7 14. b3 Bd7 15. Ne2 Rad8 16. Ba3 Bc8 17. Rad1 Nf7 18. Nf4 Qe8 19. Rfe1 Bxf5 20. exf5 Ne5 21. Ne6 Rf7 22. Nxd8 Bxd8 23. Bxd6 Nfd7 24. Bxe5 Nxe5 25. Rxe5 Qxe5 26. Rxd8+ Rf8 27. Rxf8+ Kxf8 28. Be4 1-0

[Event "CAN/QC op"]
[Site "Montreal CAN"]
[Date "2002.07.16"]
[Round "5"]
[White "Meng, Fanhao"]
[Black "Hebert, Jean"]
[Result "1/2-1/2"]
[WhiteElo "2116"]
[BlackElo "2490"]
[PlyCount "83"]
[GameId "2160767911449647"]
[EventDate "2002.07.13"]
[EventType "swiss"]
[EventRounds "9"]
[EventCountry "CAN"]

1. e4 c5 2. c3 e6 3. e5 d5 4. exd6 Nc6 5. d7+ Bxd7 6. Nf3 Nf6 7. d4 Qb6 8. Na3 cxd4 9. Nc4 Qc7 10. cxd4 Bb4+ 11. Bd2 O-O 12. Bd3 b5 13. Ne3 Qb6 14. O-O Rfd8 15. Rc1 Bxd2 16. Qxd2 Ne7 17. Rfd1 Be8 18. Ne5 Ng6 19. Bxg6 hxg6 20. b4 Rd6 21. Rc5 Rad8 22. f3 a5 23. a3 Qa7 24. Qb2 Ra8 25. a4 bxa4 26. b5 Rb8 27. N5c4 Rdd8 28. b6 Qe7 29. Rxa5 Nd5 30. Rc5 Qb7 31. Rb1 Nxe3 32. Nxe3 Qd7 33. Rc4 Qd6 34. Qb4 Qxb4 35. Rcxb4 Rd6 36. Nc2 Bc6 37. Kf2 Bd5 38. Rxa4 Rdxb6 39. Rxb6 Rxb6 40. Rb4 Ra6 41. Rb8+ Kh7 42. Nb4 1/2-1/2

[Event "CAN/QC op"]
[Site "Montreal CAN"]
[Date "2002.07.17"]
[Round "6"]
[White "Hebert, Jean"]
[Black "Lipnowski, Michael"]
[Result "1-0"]
[WhiteElo "2490"]
[BlackElo "1856"]
[PlyCount "31"]
[GameId "2160767911449666"]
[EventDate "2002.07.13"]
[EventType "swiss"]
[EventRounds "9"]
[EventCountry "CAN"]

1. Nf3 Nf6 2. c4 c5 3. Nc3 e6 4. e3 d5 5. d4 Nc6 6. a3 cxd4 7. exd4 Be7 8. Bd3 O-O 9. c5 b6 10. b4 bxc5 11. bxc5 Ne8 12. O-O Nc7 13. Bf4 f6 14. Qc2 f5 15. Nb5 Ne8 16. Ne5 1-0

[Event "Quebec-ch int"]
[Site "Montreal CAN"]
[Date "2002.06.17"]
[Round "1"]
[White "Hebert, Jean"]
[Black "Duong, Thanh Nha"]
[Result "1-0"]
[WhiteElo "2411"]
[BlackElo "2339"]
[PlyCount "85"]
[GameId "2160767911449922"]
[EventDate "2002.06.17"]
[EventType "tourn"]
[EventRounds "9"]
[EventCountry "CAN"]
[EventCategory "6"]
[SourceTitle "CBM 088 Extra"]
[Source "ChessBase"]
[SourceDate "2002.07.01"]
[SourceVersion "2"]
[SourceVersionDate "2002.07.01"]
[SourceQuality "1"]

1. Nf3 d5 2. c4 c6 3. d4 e6 4. Nc3 Nf6 5. Bg5 Be7 6. cxd5 exd5 7. Qc2 O-O 8. e3 Nbd7 9. Bd3 Re8 10. O-O Nf8 11. h3 Ng6 12. Bxf6 Bxf6 13. b4 Qd6 14. Rab1 a6 15. Rfe1 Be7 16. Na4 Qf6 17. Nb6 Rb8 18. Nxc8 Rbxc8 19. Bf5 Rc7 20. a4 Bd6 21. Bxg6 hxg6 22. Qd3 g5 23. b5 cxb5 24. axb5 a5 25. b6 Rc4 26. Rb5 Bb4 27. Rxd5 Qc6 28. Re5 Rc8 29. Rd1 Rc1 30. Nxg5 g6 31. Ne4 Kg7 32. Nc5 Rxd1+ 33. Qxd1 Qxb6 34. Qa1 Kg8 35. h4 Qc7 36. h5 b6 37. hxg6 bxc5 38. gxf7+ Qxf7 39. Rg5+ Kh7 40. Qb1+ Kh6 41. Rf5 Qe8 42. Rf6+ Kg7 43. Qf5 1-0

[Event "Quebec-ch int"]
[Site "Montreal CAN"]
[Date "2002.06.19"]
[Round "3"]
[White "Hebert, Jean"]
[Black "Voskanyan, Vahagn"]
[Result "1-0"]
[WhiteElo "2411"]
[BlackElo "2315"]
[PlyCount "69"]
[GameId "2160767911449932"]
[EventDate "2002.06.17"]
[EventType "tourn"]
[EventRounds "9"]
[EventCountry "CAN"]
[EventCategory "6"]
[SourceTitle "CBM 088 Extra"]
[Source "ChessBase"]
[SourceDate "2002.07.01"]
[SourceVersion "2"]
[SourceVersionDate "2002.07.01"]
[SourceQuality "1"]

1. e4 c5 2. Nf3 e6 3. c3 d5 4. exd5 Qxd5 5. d4 Nf6 6. Bd3 Nc6 7. O-O cxd4 8. cxd4 Be7 9. Nc3 Qd8 10. a3 O-O 11. Re1 b6 12. Bc2 Bb7 13. Qd3 g6 14. Bh6 Re8 15. Rad1 Rc8 16. Bb3 Na5 17. Ba2 Bd5 18. Nxd5 Nxd5 19. Ne5 Bf8 20. Bd2 Nc6 21. Qf3 Nxe5 22. dxe5 Ne7 23. Bc3 Qc7 24. g4 Red8 25. Rd6 Bg7 26. Red1 h6 27. Kg2 g5 28. Bb1 Nd5 29. R1xd5 exd5 30. Qf5 Qe7 31. Rxh6 Kf8 32. Rg6 Rxc3 33. Rxg7 Qb7 34. Rg8+ Kxg8 35. Qxg5+ 1-0

[Event "Quebec-ch int"]
[Site "Montreal CAN"]
[Date "2002.06.20"]
[Round "4"]
[White "Linskiy, Oleg"]
[Black "Hebert, Jean"]
[Result "1/2-1/2"]
[WhiteElo "2417"]
[BlackElo "2411"]
[PlyCount "58"]
[GameId "2160767911449939"]
[EventDate "2002.06.17"]
[EventType "tourn"]
[EventRounds "9"]
[EventCountry "CAN"]
[EventCategory "6"]
[SourceTitle "CBM 088 Extra"]
[Source "ChessBase"]
[SourceDate "2002.07.01"]
[SourceVersion "2"]
[SourceVersionDate "2002.07.01"]
[SourceQuality "1"]

1. e4 e6 2. d3 d5 3. Nd2 Nf6 4. Ngf3 b6 5. c3 Be7 6. Qa4+ c6 7. e5 Nfd7 8. d4 a5 9. Bd3 Ba6 10. Bxa6 Rxa6 11. O-O b5 12. Qd1 Qb6 13. Qe2 O-O 14. Rd1 c5 15. Nf1 Nc6 16. Be3 Rc8 17. Ng3 cxd4 18. cxd4 Raa8 19. Ne1 a4 20. Nh5 g6 21. Nf4 a3 22. b3 Nb4 23. Rac1 Qb7 24. Nfd3 Rxc1 25. Rxc1 Rc8 26. Rxc8+ Qxc8 27. Nxb4 Bxb4 28. Qc2 Qb7 29. Nd3 Be7 1/2-1/2

[Event "Quebec-ch int"]
[Site "Montreal CAN"]
[Date "2002.06.21"]
[Round "5"]
[White "Hebert, Jean"]
[Black "Barbeau, Sylvain"]
[Result "1-0"]
[WhiteElo "2411"]
[BlackElo "2397"]
[PlyCount "81"]
[GameId "2160767911449942"]
[EventDate "2002.06.17"]
[EventType "tourn"]
[EventRounds "9"]
[EventCountry "CAN"]
[EventCategory "6"]
[SourceTitle "CBM 088 Extra"]
[Source "ChessBase"]
[SourceDate "2002.07.01"]
[SourceVersion "2"]
[SourceVersionDate "2002.07.01"]
[SourceQuality "1"]

1. Nf3 Nf6 2. c4 g6 3. Nc3 d5 4. cxd5 Nxd5 5. Qb3 Nb6 6. d4 Be6 7. Qc2 Bg4 8. e3 Bxf3 9. gxf3 e6 10. Bd2 c6 11. h4 h5 12. Ne4 Nd5 13. Nc5 b6 14. Nd3 Bd6 15. f4 a5 16. Ne5 Ra7 17. a3 Qf6 18. Nc4 Bc7 19. O-O-O O-O 20. e4 Bxf4 21. exd5 cxd5 22. Ne5 Nd7 23. Nxd7 Rxd7 24. Kb1 Rc7 25. Bc3 Bd6 26. Ka2 Rfc8 27. Rh3 Bf8 28. Ba6 Ra8 29. Qe2 Bg7 30. Rg1 Qf4 31. Bd3 Re8 32. Qf3 Qd6 33. Rhg3 Ree7 34. Rg5 Qc6 35. Rxh5 gxh5 36. Qf6 Kf8 37. Rxg7 e5 38. Qg5 Ke8 39. dxe5 d4 40. Rg8+ Kd7 41. Bf5+ 1-0

[Event "Quebec-ch int"]
[Site "Montreal CAN"]
[Date "2002.06.22"]
[Round "6"]
[White "Hebert, Jean"]
[Black "Cuartas, Carlos"]
[Result "0-1"]
[WhiteElo "2411"]
[BlackElo "2307"]
[PlyCount "138"]
[GameId "2160767911449947"]
[EventDate "2002.06.17"]
[EventType "tourn"]
[EventRounds "9"]
[EventCountry "CAN"]
[EventCategory "6"]
[SourceTitle "CBM 088 Extra"]
[Source "ChessBase"]
[SourceDate "2002.07.01"]
[SourceVersion "2"]
[SourceVersionDate "2002.07.01"]
[SourceQuality "1"]

1. Nf3 Nf6 2. c4 g6 3. Nc3 Bg7 4. e4 d6 5. d4 O-O 6. Be2 e5 7. O-O Nbd7 8. Be3 c6 9. d5 c5 10. Ne1 Ne8 11. Nd3 f5 12. exf5 gxf5 13. f4 e4 14. Nf2 Ndf6 15. h3 a6 16. a4 Kh8 17. g3 Rg8 18. Kg2 b6 19. Rh1 Ra7 20. h4 Re7 21. Nh3 h6 22. Ra3 Bf8 23. Qa1 a5 24. Nb5 Bg7 25. Qe1 Nc7 26. Nxc7 Rxc7 27. Nf2 Re7 28. Nd1 Kh7 29. Bf2 Bh8 30. Ne3 h5 31. Qd1 Qe8 32. Be1 Qg6 33. Rf1 Kh6 34. Rb3 Rb7 35. Kh2 Ne8 36. Qc1 Bd7 37. Qa1 Bd4 38. Bf2 Bc8 39. Nc2 Bh8 40. Kg2 Bf6 41. Na3 Bd7 42. Nb5 Bxb5 43. axb5 Bd4 44. Qa3 Re7 45. Re3 Nf6 46. Be1 Ng4 47. Rb3 e3 48. Rd3 Nf2 49. Bxf2 exf2 50. Bd1 Rge8 51. Rxf2 Bxf2 52. Kxf2 Qf6 53. Rd2 Re4 54. Qf3 Qg6 55. Qc3 Re3 56. Qxe3 Rxe3 57. Kxe3 Qxg3+ 58. Bf3 Qxh4 59. Re2 Qg3 60. Rg2 Qe1+ 61. Be2 Qc1+ 62. Kf3 Qxb2 63. Kg3 a4 64. Bd3 Qc3 65. Kh4 Qxd3 66. Rg6+ Kh7 67. Rxd6 a3 68. Rxb6 a2 69. Ra6 Qd1 0-1

[Event "Quebec-ch int"]
[Site "Montreal CAN"]
[Date "2002.06.23"]
[Round "7"]
[White "Lazarev, Vladimir"]
[Black "Hebert, Jean"]
[Result "1/2-1/2"]
[WhiteElo "2449"]
[BlackElo "2411"]
[PlyCount "39"]
[GameId "2160767911449954"]
[EventDate "2002.06.17"]
[EventType "tourn"]
[EventRounds "9"]
[EventCountry "CAN"]
[EventCategory "6"]
[SourceTitle "CBM 088 Extra"]
[Source "ChessBase"]
[SourceDate "2002.07.01"]
[SourceVersion "2"]
[SourceVersionDate "2002.07.01"]
[SourceQuality "1"]

1. d4 d5 2. c4 c6 3. Nc3 Nf6 4. e3 a6 5. Qc2 b5 6. b3 e6 7. Nf3 Nbd7 8. Bd3 Bb4 9. O-O O-O 10. Bd2 dxc4 11. bxc4 bxc4 12. Bxc4 c5 13. Rab1 Qc7 14. dxc5 Bxc5 15. Ne4 Be7 16. Bd3 Qxc2 17. Bxc2 a5 18. Bd3 Nd5 19. Bb5 Nb4 20. a3 1/2-1/2

[Event "Quebec-ch int"]
[Site "Montreal CAN"]
[Date "2002.06.24"]
[Round "8"]
[White "Hebert, Jean"]
[Black "Roussel-Roozmon, Thomas"]
[Result "1/2-1/2"]
[WhiteElo "2411"]
[BlackElo "2203"]
[PlyCount "32"]
[GameId "2160767911449959"]
[EventDate "2002.06.17"]
[EventType "tourn"]
[EventRounds "9"]
[EventCountry "CAN"]
[EventCategory "6"]
[SourceTitle "The Week in Chess 399"]
[Source "Mark Crowther"]
[SourceDate "2002.07.01"]
[SourceVersion "1"]
[SourceVersionDate "2002.07.01"]
[SourceQuality "2"]

1. c4 b6 2. Nc3 Bb7 3. e4 e6 4. Nge2 f5 5. exf5 exf5 6. Nf4 Nf6 7. Be2 Bd6 8. d4 O-O 9. O-O Ne4 10. Nb5 a6 11. Nxd6 Nxd6 12. b4 Nc6 13. Bb2 Qg5 14. g3 Rae8 15. Nd5 f4 16. h4 Qd8 1/2-1/2

[Event "Quebec-ch int"]
[Site "Montreal CAN"]
[Date "2002.06.25"]
[Round "9"]
[White "Times, Jerald"]
[Black "Hebert, Jean"]
[Result "0-1"]
[WhiteElo "2359"]
[BlackElo "2411"]
[PlyCount "128"]
[GameId "2160767911449966"]
[EventDate "2002.06.17"]
[EventType "tourn"]
[EventRounds "9"]
[EventCountry "CAN"]
[EventCategory "6"]
[SourceTitle "CBM 088 Extra"]
[Source "ChessBase"]
[SourceDate "2002.07.01"]
[SourceVersion "2"]
[SourceVersionDate "2002.07.01"]
[SourceQuality "1"]

1. c4 e5 2. g3 Nf6 3. Bg2 c6 4. d4 exd4 5. Qxd4 d5 6. cxd5 cxd5 7. Nf3 Nc6 8. Qa4 Be6 9. O-O Bc5 10. Nc3 O-O 11. Bf4 Rc8 12. Ng5 Qe7 13. e4 d4 14. Nd5 Qd8 15. b4 Bb6 16. Qb5 Bxd5 17. exd5 a6 18. Qc4 Ne7 19. Qd3 Nexd5 20. Be5 h6 21. Ne4 Nxb4 22. Nxf6+ Qxf6 23. Qe4 Qe6 24. Qxb7 Qxe5 25. Qxb6 Rb8 26. Qa7 Rfd8 27. Rfe1 Qf6 28. Be4 d3 29. Rab1 d2 30. Red1 Qd4 31. Qxd4 Rxd4 32. Bf3 Re8 33. Rb2 Re1+ 34. Kg2 Rxd1 35. Bxd1 g6 36. Kf1 Nd5 37. Rc2 a5 38. Ke2 Kg7 39. Rc5 g5 40. Bb3 a4 41. Rxd5 d1=Q+ 42. Bxd1 Rxd5 43. Bxa4 Rc5 44. Bb3 Rc1 45. Kf3 Rc3+ 46. Kg2 f5 47. f4 Rd3 48. h3 Rd2+ 49. Kf3 Rh2 50. a4 Rb2 51. Bd5 Rc2 52. Bb7 Rc3+ 53. Kg2 gxf4 54. gxf4 Rc4 55. a5 Rxf4 56. a6 Ra4 57. Kg3 Kf6 58. Kf3 Kg5 59. Kg3 Ra3+ 60. Kg2 Kf4 61. Bc8 Ra2+ 62. Kf1 Kf3 63. Bb7+ Kg3 64. Bc8 f4 0-1

[Event "Laval XIX"]
[Site "Laval CAN"]
[Date "2002.04.19"]
[Round "1"]
[White "Hebert, Jean"]
[Black "Fortier, Marc-Andre"]
[Result "1-0"]
[WhiteElo "2438"]
[BlackElo "2198"]
[PlyCount "87"]
[GameId "2160767911483346"]
[EventDate "2002.04.19"]
[EventType "swiss"]
[EventRounds "5"]
[EventCountry "CAN"]
[SourceTitle "EXT 2022"]
[Source "ChessBase"]
[SourceDate "2021.10.06"]
[SourceVersion "1"]
[SourceVersionDate "2021.10.06"]
[SourceQuality "1"]

1. c4 Nf6 2. Nc3 g6 3. e4 d6 4. d4 Bg7 5. Be2 O-O 6. Bg5 Nbd7 7. Qd2 c5 8. d5 a6 9. Nf3 Rb8 10. a4 Qa5 11. O-O Re8 12. h3 h5 13. Qc2 Nh7 14. Bf4 Ne5 15. Nxe5 dxe5 16. Bh2 Bd7 17. f4 exf4 18. Bxf4 Bd4+ 19. Kh1 Rbd8 20. e5 Bf5 21. Bd3 e6 22. Bxf5 exf5 23. Rfe1 g5 24. Bd2 Qb6 25. Qxf5 Qxb2 26. Qd3 Qb6 27. Rab1 Qc7 28. d6 Qd7 29. Qf3 Rxe5 30. Rxe5 Bxe5 31. Rxb7 Qe6 32. Re7 Qf6 33. Nd5 Qxf3 34. gxf3 Bxd6 35. Ra7 Kg7 36. Bc3+ Kg6 37. Rxa6 Kf5 38. a5 g4 39. Ra7 gxh3 40. Rxf7+ Kg6 41. Rg7+ Kh6 42. Rg1 h4 43. Bd2+ Kh5 44. Nf6+ 1-0

[Event "Laval XIX"]
[Site "Laval CAN"]
[Date "2002.04.20"]
[Round "2"]
[White "Gagnon, Michel"]
[Black "Hebert, Jean"]
[Result "1/2-1/2"]
[WhiteElo "2104"]
[BlackElo "2438"]
[PlyCount "97"]
[GameId "2160767911483351"]
[EventDate "2002.04.19"]
[EventType "swiss"]
[EventRounds "5"]
[EventCountry "CAN"]
[SourceTitle "EXT 2022"]
[Source "ChessBase"]
[SourceDate "2021.10.06"]
[SourceVersion "1"]
[SourceVersionDate "2021.10.06"]
[SourceQuality "1"]

1. d4 Nf6 2. Nf3 g6 3. Bg5 Bg7 4. Nbd2 d6 5. e4 O-O 6. Be2 c5 7. c3 cxd4 8. cxd4 h6 9. Bh4 Nc6 10. O-O g5 11. d5 gxh4 12. dxc6 h3 13. g3 bxc6 14. Qc2 Qc7 15. Nd4 Bd7 16. Rad1 Rab8 17. b3 c5 18. e5 dxe5 19. Nf5 Bxf5 20. Qxf5 e6 21. Qxh3 Qa5 22. Bc4 Qxa2 23. Nf3 Qb2 24. Rd2 Qc3 25. Rd3 Qxd3 26. Bxd3 e4 27. Bc4 exf3 28. g4 Ne4 29. Qxf3 Nd2 30. Qe3 Nxf1 31. Kxf1 Rfc8 32. h4 Rb6 33. g5 Bd4 34. Qe4 hxg5 35. hxg5 Kg7 36. f4 Rh8 37. f5 exf5 38. Qe7 Rf8 39. Qxa7 Rg6 40. Qe7 f4 41. Ke2 Rb6 42. Kf3 Rbb8 43. Qd6 Rh8 44. Qxf4 Rb7 45. Qe4 Rxb3+ 46. Bxb3 Rh3+ 47. Kg4 Rxb3 48. Qc6 Re3 49. Qh6+ 1/2-1/2